header

Proteomics of biological systems (Record no. 131760)

MARC details
000 -LEADER
fixed length control field 01382nam a2200349Ia 4500
082 04 - DEWEY DECIMAL CLASSIFICATION NUMBER
Classification number 572/.62
100 1# - MAIN ENTRY--AUTHOR NAME
Personal name Ham, Bryan M.
245 10 - TITLE STATEMENT
Title Proteomics of biological systems
260 ## - PUBLICATION, DISTRIBUTION, ETC. (IMPRINT)
Place of publication Hoboken, N.J. :
Name of publisher John Wiley & Sons,
Year of publication 2012.
300 ## - PHYSICAL DESCRIPTION
Number of Pages xxiii, 350 p. :
Other physical details ill.
650 #0 - SUBJECT ADDED ENTRY--TOPICAL TERM
Topical Term Proteomics
Topical Term Phosphorylation
Topical Term Phosphoproteins
Topical Term Mass spectrometry.
Topical Term Biological systems
856 40 - ELECTRONIC LOCATION AND ACCESS
Uniform Resource Identifier http://site.ebrary.com/lib/rucke/Doc?id=10501256

No items available.

© 2026 Rongo University
Contact us: librarian | system librarian | Rongo university